书目信息 |
| 题名: |
韩国水景景观设计
|
|
| 作者: | 朴景子 主编 ;权基洪 译 | |
| 分册: | ||
| 出版信息: | 北京 中国建筑工业出版社 2008 |
|
| 页数: | 160页 | |
| 开本: | 29cm | |
| 丛书名: | ||
| 单 册: | ||
| 中图分类: | TU986.4-64 , TU986.4 | |
| 科图分类: | ||
| 主题词: | 理水--设计--韩国--现代--图集 | |
| 电子资源: | ||
| ISBN: | 978-7-112-09584-1 | |
| 000 | 01097nam0 2200241 450 | |
| 001 | 2345557540 | |
| 005 | 20231216211726.77 | |
| 010 | @a978-7-112-09584-1@b精装@dCNY90.00 | |
| 100 | @a20080811d2008 em y0chiy50 ea | |
| 101 | 1 | @achi@ckor |
| 102 | @aCN@b110000 | |
| 105 | @aa z 000yy | |
| 200 | 1 | @a韩国水景景观设计@Ahan guo shui jing jing guan she ji@f(韩) 朴景子主编@g权基洪译 |
| 210 | @a北京@c中国建筑工业出版社@d2008 | |
| 215 | @a160页@c彩图@d29cm | |
| 330 | @a韩国自古以来一直把水景作为环境景观的中心, 挖地造池, 池中建岛, 池边造山, 山上建亭, 亭边植花木。随着现代城市的发展, 水景设计及建造技术, 包括生态水景已发展得相当迅速。现在, 在城市广场、住区、公共建筑周围及公园等地广泛地建造了各种水景设施。本书选用了韩国29项优秀的水景作品实例, 分别介绍了韩国传统水景、现代水景及生态水景。实例内容包括平面图、剖面图、细部施工详图、设施装置详图及材料等。 | |
| 606 | 0 | @a理水@x设计@y韩国@z现代@j图集 |
| 690 | @aTU986.4-64@v5 | |
| 690 | @aTU986.4@v4 | |
| 701 | 0 | @a朴景子@Apo jing zi@4主编 |
| 702 | 0 | @a权基洪@Aquan ji hong@4译 |
| 801 | 0 | @aCN@b湖北三新@c20080811 |
| 905 | @aZUCC@dTU986.4@e13 | |
| 韩国水景景观设计/(韩) 朴景子主编/权基洪译.-北京:中国建筑工业出版社,2008 |
| 160页:彩图;29cm |
| ISBN 978-7-112-09584-1(精装):CNY90.00 |
| 韩国自古以来一直把水景作为环境景观的中心, 挖地造池, 池中建岛, 池边造山, 山上建亭, 亭边植花木。随着现代城市的发展, 水景设计及建造技术, 包括生态水景已发展得相当迅速。现在, 在城市广场、住区、公共建筑周围及公园等地广泛地建造了各种水景设施。本书选用了韩国29项优秀的水景作品实例, 分别介绍了韩国传统水景、现代水景及生态水景。实例内容包括平面图、剖面图、细部施工详图、设施装置详图及材料等。 |
| ● |
| 相关链接 |
|
|
|
正题名:韩国水景景观设计
索取号:TU986.4/13
 
预约/预借
| 序号 | 登录号 | 条形码 | 馆藏地/架位号 | 状态 | 备注 |
| 1 | 2001368481 | 2001368481 | 三新/湖北三新(第三批)/2128/ [索取号:TU986.4/13] | 在馆 | |
| 2 | 2001368482 | 2001368482 | 三新/湖北三新(第三批)/2128/ [索取号:TU986.4/13] | 在馆 | |
| 3 | 2001368483 | 2001368483 | 三新/湖北三新(第三批)/2128/ [索取号:TU986.4/13] | 在馆 | |
| 4 | 2001368484 | 2001368484 | 三新/湖北三新(第三批)/2128/ [索取号:TU986.4/13] | 在馆 | |
| 5 | 2001368485 | 2001368485 | 三新/湖北三新(第三批)/2128/ [索取号:TU986.4/13] | 在馆 | |
| 6 | 2001368486 | 2001368486 | 三新/湖北三新(第三批)/2128/ [索取号:TU986.4/13] | 在馆 | |
| 7 | 2001368487 | 2001368487 | 三新/湖北三新(第三批)/2128/ [索取号:TU986.4/13] | 在馆 | |
| 8 | 2001368488 | 2001368488 | 三新/湖北三新(第三批)/2128/ [索取号:TU986.4/13] | 在馆 | |
| 9 | 2001368489 | 2001368489 | 三新/湖北三新(第三批)/2128/ [索取号:TU986.4/13] | 在馆 | |
| 10 | 2001368490 | 2001368490 | 三新/湖北三新(第三批)/2128/ [索取号:TU986.4/13] | 在馆 | |
| 11 | 2001368491 | 2001368491 | 三新/湖北三新(第三批)/2128/ [索取号:TU986.4/13] | 在馆 | |
| 12 | 2001368492 | 2001368492 | 三新/湖北三新(第三批)/2128/ [索取号:TU986.4/13] | 在馆 | |
| 13 | 2001368493 | 2001368493 | 三新/湖北三新(第三批)/2128/ [索取号:TU986.4/13] | 在馆 | |
| 14 | 2001368494 | 2001368494 | 三新/湖北三新(第三批)/2128/ [索取号:TU986.4/13] | 在馆 | |
| 15 | 2001670284 | 2001670284 | 315书库/ [索取号:TU986.4/13] | 在馆 | |
| 16 | 2001670285 | 2001670285 | 315书库/ [索取号:TU986.4/13] | 在馆 | |
| 17 | 2001670286 | 2001670286 | 315书库/ [索取号:TU986.4/13] | 在馆 | |
| 18 | 2001670287 | 2001670287 | 512书库/ [索取号:TU986.4/13] | 在馆 | |
| 19 | 2001670288 | 2001670288 | 512书库/ [索取号:TU986.4/13] | 在馆 | |
| 20 | 2001670289 | 2001670289 | 218书库/ [索取号:TU986.4/13] | 在馆 | |
| 21 | 2001670290 | 2001670290 | 218书库/ [索取号:TU986.4/13] | 在馆 | |
| 22 | 2001670291 | 2001670291 | 218书库/ [索取号:TU986.4/13] | 在馆 | |
| 23 | 2001670292 | 2001670292 | 218书库/ [索取号:TU986.4/13] | 在馆 | |
| 24 | 2001670293 | 2001670293 | 315书库/ [索取号:TU986.4/13] | 在馆 | |
| 25 | 2001670294 | 2001670294 | 315书库/ [索取号:TU986.4/13] | 在馆 | |
| 26 | 2001670295 | 2001670295 | 315书库/ [索取号:TU986.4/13] | 在馆 | |
| 27 | 2001670296 | 2001670296 | 512书库/ [索取号:TU986.4/13] | 在馆 | |
| 28 | 2001670297 | 2001670297 | 512书库/ [索取号:TU986.4/13] | 在馆 | |
| 29 | 2001670298 | 2001670298 | 218书库/ [索取号:TU986.4/13] | 在馆 | |
| 30 | 2001670299 | 2001670299 | 218书库/ [索取号:TU986.4/13] | 在馆 |